| 000 | 01888nam0a2200349 4500 | ||
|---|---|---|---|
| 001 | RU\NLR\BIBL_A\011793393 | ||
| 005 | 20250701165203.0 | ||
| 010 |
_a978-5-99009973-0-1 _9500 |
||
| 021 |
_aRU _bКН-П-18-060534 _9КН-П-18-4353 |
||
| 035 | _a(NLR Aleph) 011793393 | ||
| 035 | _a(RuMoRGB)009721322 | ||
| 090 |
_a11834172 _c11834172 |
||
| 100 | _a20180917d2018 k y0rusy50 ca | ||
| 101 | 0 | _arus | |
| 102 | _aRU | ||
| 105 | _aach|z|||000zd | ||
| 200 | 1 |
_aЛеонид Поляков: летопись жизни _e[монография _fКузнецов В.Н. ] _gИнститут истории и археологии Уральского отделения Российской академии наук, Уральский государственный экономический университет |
|
| 210 |
_aЕкатеринбург _cБанк культурной информации _d2018 |
||
| 215 |
_a250 с., [40] л. ил., цв. ил., портр. _cпортр., факс. _d22 |
||
| 300 | _aАвт. указан в макете | ||
| 320 | _aБиблиогр.: с. 245-247 и в подстроч. примеч. | ||
| 600 | 1 |
_aПоляков _bЛ. А. _f1937- _gЛеонид Алексеевич _92424412 _3RU\NLR\AUTH\6601662034 |
|
| 686 | 1 | _aЦ901д(2Р)Поляков | |
| 700 | 1 |
_7ca _8rus _aКузнецов _bВ. Н. _cканд. ист. наук _f1959 - _gВиктор Николаевич _910086 _3RU\NLR\AUTH\7727049 |
|
| 702 | 1 |
_4570 _7ca _8rus _aПоляков _bЛ. А. _cканд. техн. наук _f1937- _gЛеонид Алексеевич _9197168 _3RU\NLR\AUTH\770197219 |
|
| 712 | 0 | 2 |
_4570 _aИнститут истории и археологии _cЕкатеринбург _9459967 _3RU\NLR\AUTH\889982008 |
| 942 | _cBOOK | ||
| 980 | _aNB | ||
| 980 | _aNBR | ||